Missing Word: 2009 Movies Quiz Stats

 Plays Quiz Updated Jun 27, 2012

Support Sporcle.
Go Orange.
Score 0/20 Timer 03:00
1 Play Today
Hint Answer % Correct
Harry Potter and the Half-blood _____Prince
98.3%
_____ TrekStar
97.7%
_____ HolmesSherlock
96.6%
The _____ Saga: New MoonTwilight
94.8%
I _____ You, ManLove
94%
Angels & _____Demons
93%
Cloudy with a Chance of _____Meatballs
89.6%
Where the Wild _____ AreThings
89%
The _____ and the FrogPrincess
88.4%
_____ BasterdsInglourious
87.2%
Hint Answer % Correct
District _____9
83.3%
(500) Days of _____Summer
76.9%
Julie & _____Julia
76.3%
The _____ SideBlind
69.4%
_____ in the AirUp
66.6%
_____ Mr. FoxFantastic
64.9%
_____ Me to HellDrag
57.6%
Transformers: Revenge of the _____Fallen
52.2%
The _____ IssueSeptember
5.4%
_____ EmbracesBroken
4.5%

Today's Daily Dose

You're not logged in!

Compare scores with friends on all Sporcle quizzes.
OR
Log In
Forgot?

From the Vault

Sort the Ohio Teams

by lolshortee

Ohio had the first fully professional US baseball team, so they have some cred here.
Remove Ads.
Support Sporcle.
Get the best of Sporcle when you Go Orange. This ad-free experience offers more features, more stats, and more fun while also helping to support Sporcle. Thank you for becoming a member.

Show Comments

Extras

Top Quizzes Today


Score Distribution

Your Account Isn't Verified!

In order to create a playlist on Sporcle, you need to verify the email address you used during registration. Go to your Sporcle Settings to finish the process.

Report this User

Report this user for behavior that violates our Community Guidelines.

Details: